Choose the Odd One Out #2 - Statistics

General Stats
  • This quiz has been taken 57 times
  • The average score is 8 of 12
Answer Stats
Question Answer % Correct
Numbers 17
100%
Countries Denmark
100%
Automobile brands NIke
100%
Letters B
83%
People Benjamin Franklin
83%
Dog breeds Siamese
83%
Special characters %
67%
Colors Green
67%
Subjects Ecology
50%
Words Hat
50%
States Texas
17%
Holidays St. Patrick's Day
0%
No matching quizzes found
Score Distribution
Percent of People with Each Score
Percentile by Number Answered
Your Score History
You have not taken this quiz